000 00515nam a2200193Ia 4500
003 OSt
005 20250603150400.0
008 210210b1986 xxu||||| |||| 00| 0 eng d
040 _cAL
041 _aKannada
082 _aK894.3 SHAP
100 _aSHAILAJA PRAKASH
_dಶೈಲಜಾ ಪ್ರಕಾಶ್
_9212624
245 _aPranaya ganga
_b ಪ್ರಣಯ ಗಾನ
260 _aBengaluru
_bAsha Sahitya
_c1986
300 _a210
690 _aKannada Fiction
_9212625
906 _a038740
942 _2ddc
_cBK
999 _c88631
_d88631